000 00827nam0a2200265 4500
001 RU\NLR\bibl\1719798
005 20260405070213.0
010 _a978-5-699-45137-1
_93000
021 _aRU
_b2010-85879
_9725д/2010
035 _a(NLR Aleph) 001710797
090 _a1278895
_c1278895
100 _a20101227d2010 |||y0rusy50 ca
101 0 _arus
102 _aRU
105 _ay |||||||||
200 1 _aМарсианский патруль
_e[роман]
_fИгорь Ревва
210 _aМосква
_cЭксмо
_d2010
215 _a413, [1] с.
_d17
225 1 _aСтальная Крыса
700 1 _4070
_8rus
_7ca
_aРевва
_bИ.Ю.
_f1965-
_gИгорь Юрьевич
_3RU\NLR\auth\7723752
_96805
801 0 _aRU
_bNLR
_c20101227
_gRCR
801 1 _aRU
_bNLR
_c20101227
942 _cBOOK
980 _aNB